[Event "AUTO-INT-1523"]
[Site "http://www.queenalice.com/game.php?id=686565"]
[Date "2009.11.21"]
[Round "1"]
[White "kanibal"]
[Black "xadrezpetry"]
[Result "0-1"]
[WhiteElo "1545"]
[BlackElo "1541"]

1. d4 d5 2. Nf3 f6 3. e3 Nh6 4. Nh4 g5 5. Qh5+ Nf7 6. Nf3 Nc6 7. Bb5 a6 8. Bxc6+
bxc6 9. O-O Bd7 10. Nfd2 Qc8 11. Qf3 h5 12. h3 g4 13. Qe2 gxh3 14. g3 h4 15. f4
hxg3 16. Nf3 g2 17. Rf2 Bg4 18. Qe1 Bxf3 19. Rxf3 Qg4 20. Nc3 Qxf3 21. Bd2 h2#
0-1

[Event "AUTO-INT-1523"]
[Site "http://www.queenalice.com/game.php?id=686575"]
[Date "2009.11.21"]
[Round "1"]
[White "jw16js"]
[Black "xadrezpetry"]
[Result "1-0"]
[WhiteElo "1574"]
[BlackElo "1500"]

1. e4 d5 2. exd5 Qxd5 3. Nc3 Qe6+ 4. Be2 Qg6 5. Bf3 Nf6 6. Nge2 h5 7. Nf4 Qg5 8.
d4 h4 9. Nh3 Qf5 10. Bf4 Na6 11. Qe2 Nb4 12. Rc1 Qa5 13. O-O Nxa2 14. Nxa2 Qxa2
15. c3 a5 16. Ng5 c6 17. Rfe1 Ng8 18. Bh5 1-0

[Event "AUTO-INT-1523"]
[Site "http://www.queenalice.com/game.php?id=686576"]
[Date "2009.11.21"]
[Round "1"]
[White "xadrezpetry"]
[Black "jw16js"]
[Result "0-1"]
[WhiteElo "1514"]
[BlackElo "1560"]

1. e4 e5 2. Qh5 d6 3. Bc4 Qf6 4. Qf3 Nd7 5. h4 Qxf3 6. Nxf3 h6 7. g4 Nc5 8. g5
h5 9. Nc3 Be6 10. Nb5 Na6 11. Bd3 c6 12. Nc3 Nb4 13. a3 Nxd3+ 14. cxd3 Bg4 15.
Nh2 Be6 16. O-O Bh3 17. Re1 Be6 0-1

[Event "vli"]
[Site "http://www.queenalice.com/game.php?id=689794"]
[Date "2009.11.27"]
[Round "1"]
[White "xadrezpetry"]
[Black "garth_nix"]
[Result "0-1"]
[WhiteElo "1499"]
[BlackElo "1592"]

1. e4 e5 2. Qh5 Nc6 3. Bc4 g6 4. Qf3 Nf6 5. g4 Nd4 6. Qc3 Nxe4 7. Qd3 d5 8. Nf3
dxc4 9. Qxe4 Bxg4 10. Nxe5 Be6 11. Nxc4 f5 12. Qd3 Bxc4 13. Qxc4 Bc5 14. Qxc5
Qe7+ 15. Qxe7+ Kxe7 16. Na3 Rae8 17. O-O Nf3+ 18. Kg2 Nh4+ 19. Kg3 g5 20. b4 f4+
21. Kg4 Reg8 22. Bb2 h5+ 0-1

[Event "AUTO-OPEN-1791"]
[Site "http://www.queenalice.com/game.php?id=695115"]
[Date "2009.12.9"]
[Round "1"]
[White "lfcanales"]
[Black "xadrezpetry"]
[Result "1-0"]
[WhiteElo "2002"]
[BlackElo "1438"]

1. d4 d5 2. c4 dxc4 3. e4 g6 4. Bxc4 Bg7 5. Qf3 f6 6. Nc3 Qxd4 7. Bxg8 Rxg8 8.
Nge2 Qd7 9. O-O f5 10. Rd1 fxe4 11. Qxe4 Bxc3 12. Rxd7 Nxd7 13. Nxc3 c6 14. Bh6
Nc5 15. Qc4 Ne6 16. Ne4 b5 17. Qxc6+ Kf7 18. Qxa8 Rd8 19. Qxa7 Rd7 20. Qe3 Nd4
21. Ng5+ Kg8 22. Rd1 1-0

[Event "AUTO-OPEN-1791"]
[Site "http://www.queenalice.com/game.php?id=695116"]
[Date "2009.12.9"]
[Round "1"]
[White "xadrezpetry"]
[Black "lfcanales"]
[Result "0-1"]
[WhiteElo "1527"]
[BlackElo "1989"]

1. e4 e5 2. Qh5 Nc6 3. Bc4 g6 4. Qf3 Nf6 5. Nh3 Nd4 6. Qd1 d5 7. exd5 Bxh3 8.
gxh3 b5 9. Be2 Qxd5 10. f3 Bg7 11. O-O O-O 12. c3 Nxe2+ 13. Qxe2 Rfe8 14. Na3
Nh5 15. Nxb5 Nf4 16. c4 Qc5+ 17. Qe3 Qxc4 18. a4 Bh6 19. Kf2 Nxh3+ 0-1

[Event "AUTO-OPEN-1791"]
[Site "http://www.queenalice.com/game.php?id=695141"]
[Date "2009.12.9"]
[Round "1"]
[White "clik"]
[Black "xadrezpetry"]
[Result "1-0"]
[WhiteElo "2376"]
[BlackElo "1514"]

1. e4 d5 2. exd5 Qxd5 3. Nc3 Qe6+ 4. Be2 Qg6 5. Nf3 Qxg2 6. Rg1 Qh3 7. Rg3 Qh5
8. Rg5 Qh3 9. d4 Bg4 10. Nd5 Kd8 11. Nf4 Qh6 12. Rxg4 Qd6 13. Ne5 Nh6 14. Nfd3
Nxg4 15. Nxf7+ Kd7 16. Nxd6 Kxd6 17. Bxg4 h5 18. Bf4+ Kd5 19. Qf3+ Kc4 20. Be6+
Kb5 21. Qxb7+ Ka5 22. Bxc7+ 1-0

[Event "AUTO-OPEN-1791"]
[Site "http://www.queenalice.com/game.php?id=695142"]
[Date "2009.12.9"]
[Round "1"]
[White "xadrezpetry"]
[Black "clik"]
[Result "0-1"]
[WhiteElo "1514"]
[BlackElo "2309"]

1. e4 c5 2. e5 Nc6 3. f4 d5 4. g3 Bf5 5. c3 Nh6 6. h3 e6 7. g4 Qh4+ 8. Ke2 Nxg4
9. Qe1 Bd3+ 10. Kxd3 Qxe1 11. Be2 Nf2+ 12. Kc2 Nxh1 13. Na3 Qxg1 14. c4 Nd4+ 15.
Kc3 Nxe2+ 16. Kd3 Nd4 0-1

[Event "AUTO-OPEN-1791"]
[Site "http://www.queenalice.com/game.php?id=695159"]
[Date "2009.12.9"]
[Round "1"]
[White "xadrezpetry"]
[Black "Burianski"]
[Result "0-1"]
[WhiteElo "1400"]
[BlackElo "1498"]

1. e4 e5 2. Qh5 g6 3. Qxe5+ Qe7 4. Qxh8 Nf6 5. d3 Nc6 6. Bh6 d6 7. Bxf8 Qxf8 8.
Qxf6 b6 9. g3 Nb8 10. Bg2 Nd7 11. Qc3 Ne5 12. Qxc7 b5 13. d4 Nc4 14. e5 Qe7 15.
Qxe7+ Kxe7 16. Bxa8 Nxb2 17. exd6+ Kxd6 18. Na3 Nd3+ 19. cxd3 Kc7 20. Nxb5+ Kb6
21. Rb1 Ka6 22. Nc7+ Ka5 23. Bc6 a6 0-1

[Event "AUTO-OPEN-1791"]
[Site "http://www.queenalice.com/game.php?id=695160"]
[Date "2009.12.9"]
[Round "1"]
[White "Burianski"]
[Black "xadrezpetry"]
[Result "0-1"]
[WhiteElo "1488"]
[BlackElo "1512"]

1. e4 d5 2. Qf3 dxe4 3. Qxe4 Nf6 4. Qc4 c6 5. d4 b5 6. Qd3 Na6 7. Nc3 Nb4 8. Qd2
Bf5 9. Bd3 Bxd3 10. cxd3 Qxd4 11. Nf3 Qg4 12. g3 Qxf3 13. O-O Nxd3 14. Qc2 Ng4
15. Be3 O-O-O 16. Rad1 Ndxf2 17. Rxd8+ Kxd8 18. Qd2+ Ke8 19. Rxf2 Nxf2 20. Bxa7
Nh3# 0-1

[Event "AUTO-INT-1542"]
[Site "http://www.queenalice.com/game.php?id=695197"]
[Date "2009.12.9"]
[Round "1"]
[White "reginaldox"]
[Black "xadrezpetry"]
[Result "1-0"]
[WhiteElo "1699"]
[BlackElo "1388"]

1. b4 Nc6 2. Bb2 Nxb4 3. a3 Nc6 4. Nf3 f6 5. e3 d5 6. Be2 h5 7. d3 h4 8. Nbd2 h3
9. g3 b5 10. d4 b4 11. c4 e6 12. c5 bxa3 13. Bxa3 1-0

[Event "AUTO-INT-1542"]
[Site "http://www.queenalice.com/game.php?id=695198"]
[Date "2009.12.9"]
[Round "1"]
[White "xadrezpetry"]
[Black "reginaldox"]
[Result "0-1"]
[WhiteElo "1384"]
[BlackElo "1703"]

1. e4 c5 2. e5 Nc6 3. Nf3 d6 4. exd6 exd6 5. d4 Bg4 6. dxc5 dxc5 7. Qxd8+ Rxd8
8. Bc4 Bxf3 9. gxf3 Be7 10. O-O Nf6 11. Re1 O-O 12. b3 a6 13. Bg5 h6 0-1

[Event "AUTO-INT-1542"]
[Site "http://www.queenalice.com/game.php?id=695212"]
[Date "2009.12.9"]
[Round "1"]
[White "QueenSarah"]
[Black "xadrezpetry"]
[Result "1-0"]
[WhiteElo "1270"]
[BlackElo "1462"]

1. e4 d5 2. e5 Nc6 3. d4 h5 4. h3 e6 5. Ne2 Qg5 6. Bxg5 f6 7. Bh4 g5 8. Bg3 h4
9. Bh2 fxe5 10. dxe5 Bg7 11. f4 1-0

[Event "AUTO-INT-1542"]
[Site "http://www.queenalice.com/game.php?id=695213"]
[Date "2009.12.9"]
[Round "1"]
[White "xadrezpetry"]
[Black "jpfaro"]
[Result "0-1"]
[WhiteElo "1516"]
[BlackElo "1806"]

1. e4 b6 2. Qh5 Bb7 3. Bc4 g6 4. Qf3 Nf6 5. Qb3 e6 6. f3 Bh6 7. Qb5 a6 8. Qe5
Nc6 9. Qg3 Nb4 10. Na3 d5 11. c3 dxc4 12. cxb4 O-O 13. Nxc4 a5 14. bxa5 b5 15.
e5 Nh5 16. Qh3 bxc4 17. g4 Nf4 18. Qxh6 Nd3+ 19. Kd1 Nf2+ 20. Ke1 Nxh1 21. Nh3
f6 22. exf6 Qxf6 23. Ng5 Rf7 24. Nxf7 Qxf7 25. d4 Qxf3 26. Qe3 Qxg4 27. b4 Rf8
28. Kd2 Rf1 29. Qe2 Qxd4+ 30. Kc2 Be4+ 0-1

[Event "AUTO-INT-1542"]
[Site "http://www.queenalice.com/game.php?id=695214"]
[Date "2009.12.9"]
[Round "1"]
[White "jpfaro"]
[Black "xadrezpetry"]
[Result "1-0"]
[WhiteElo "1770"]
[BlackElo "1520"]

1. b3 d5 2. e3 Nc6 3. Bd3 Nb4 4. Qf3 Nxd3+ 5. cxd3 h5 6. Bb2 h4 7. h3 f6 8. Na3
Nh6 9. Rc1 b6 10. Nb5 c5 11. Qf4 Bf5 12. Qxh4 Bxd3 13. a4 g5 14. Qg3 Nf5 15. Qc7
Bxb5 16. Qxd8+ Rxd8 17. axb5 d4 18. Ra1 d3 19. Nf3 Nh4 20. Nxg5 Nxg2+ 21. Kf1
Rd5 22. Ne6 Kd7 23. e4 Rdh5 24. Nxf8+ Rxf8 25. Rxa7+ Ke6 26. Kxg2 Rh4 27. f3
Rg8+ 28. Kf2 f5 29. e5 f4 30. Ra6 Rb8 31. Kf1 Kf7 32. Kf2 Rg8 33. Rxb6 Rg3 34.
Rc6 Rhxh3 35. Rxh3 Rxh3 36. e6+ Kg6 37. Kg2 Rh8 38. Bxh8 1-0

[Event "Challenge"]
[Site "http://www.queenalice.com/game.php?id=695585"]
[Date "2009.12.9"]
[Round "-"]
[White "Alexandre_lima"]
[Black "xadrezpetry"]
[Result "1-0"]
[WhiteElo "1271"]
[BlackElo "1487"]

1. d4 d5 2. Nc3 a6 3. e4 dxe4 4. Nxe4 e5 5. dxe5 Qh4 6. Ng3 Nc6 7. Nf3 Qe7 8.
Bg5 Qb4+ 9. c3 Qxb2 10. Rb1 Qxc3+ 11. Bd2 Qa3 12. Rb3 Qxa2 13. Qb1 Qxb1+ 14.
Rxb1 Be6 15. Rxb7 a5 16. Bb5 Ne7 17. Rxc7 Rc8 18. Rb7 Kd8 19. O-O Rb8 20. Bxc6
Rxb7 21. Bxb7 a4 22. Ba5+ Kd7 23. Rd1+ Nd5 24. Rc1 1-0

[Event "vli"]
[Site "http://www.queenalice.com/game.php?id=695738"]
[Date "2009.12.10"]
[Round "2"]
[White "danote"]
[Black "xadrezpetry"]
[Result "1-0"]
[WhiteElo "1610"]
[BlackElo "1527"]

1. Nf3 d5 2. d4 Qd6 3. b3 Nf6 4. Ba3 Qf4 5. g3 Qg4 6. Bg2 Qg6 7. Nc3 Ne4 8. Nxd5
Na6 9. Ne5 Qf5 10. O-O c6 11. Ne3 Nc3 12. Nxf5 Nxd1 13. Rfxd1 Bxf5 14. c4 f6 15.
Nxc6 Bd7 16. Nb4 1-0

[Event "Challenge"]
[Site "http://www.queenalice.com/game.php?id=700072"]
[Date "2009.12.18"]
[Round "-"]
[White "Panzer85"]
[Black "xadrezpetry"]
[Result "1-0"]
[WhiteElo "1607"]
[BlackElo "1436"]

1. e4 e5 2. Nf3 Nc6 3. d4 exd4 4. Nxd4 Nxd4 5. Qxd4 b6 6. Nc3 c5 7. Qd5 Rb8 8.
Qe5+ Ne7 9. Qxb8 a5 10. Nd5 Nc6 11. Qf4 Nd4 12. Nc7+ Ke7 13. Qe5+ Ne6 14. Bc4 d6
15. Nd5+ Ke8 16. Qg3 Nd4 17. Qd3 Bb7 18. O-O h5 19. Bb5+ Bc6 20. c3 1-0